| 000 | 00438nam a22001697a 4500 | ||
|---|---|---|---|
| 005 | 20251108172351.0 | ||
| 008 | 250721s1983 xx 000 0 eng d | ||
| 082 | 1 | 4 | _a387.3764/dor |
| 100 | 1 | _adorey, frederick c. | |
| 245 | 1 | 0 | _aaviation security / |
| 264 | 1 |
_anew york : _bvan nostrand reinhold co, _c1983. |
|
| 300 | _a291p. | ||
| 650 | 1 | 7 | _aaeronatics |
| 650 | 1 | 7 | _acomercial security measur |
| 942 |
_2ddc _cBK |
||
| 999 |
_c77410 _d77410 |
||